Veress Sándor moldvai gyűjtése
Elmentve itt :
| Szerző: | |
|---|---|
| Adatforrás: | Meister |
| Forrásdokumentuma: | Helikon. - 12 sz., 1991, 10-11 p. |
| Nyelv: | magyar |
| Kulcsszavak: | etnográfia csángók Klézse Moldva Szabófalva VERESS Sándor |
| LEADER | 00456nab a2200181 i 4500 | ||
|---|---|---|---|
| 001 | bibPRO00008434 | ||
| 008 | 060524s1991 xx hun | ||
| 040 | |a Sz1 | ||
| 041 | |a hun | ||
| 100 | 1 | |a FARAGÓ József | |
| 245 | 1 | 0 | |a Veress Sándor moldvai gyűjtése |c FARAGÓ József |
| 695 | |a etnográfia | ||
| 695 | |a csángók | ||
| 695 | |a Klézse | ||
| 695 | |a Moldva | ||
| 695 | |a Szabófalva | ||
| 695 | |a VERESS Sándor | ||
| 773 | 0 | |t Helikon. - |g 12 sz., 1991, 10-11 p. | |